000 01082nam a2200277Ia 4500
001 Para_2385
003 CHAP
008 220125s1984 xx 000 0 und d
010 _a200919
040 _cCHAP
090 _aPA TESIS 448
100 _aOsada Kawasoe, Seiji
_984157
245 _aEstudio sobre la germinación del cornezuelo del maíz :
_b interacción hospedante - parásito (Zea mays L. - Claviceps gigantea Fuentes et al.) /
_c por Seiji Osada Kawasoe
260 _aChapingo, Méx. :
_b El autor
300 _a86 h.
502 _aTesis (Doctor en Ciencias Esp. en Fitopatología) C.P. Centro de Fitopatología
650 _aGerminación Maíz
_x Enfermedades Interacción huésped
_xParásito Claviceps gigantea Colegio de Postgraduados. Chapingo, Méx. Centro de Fitopatología
_9165754
710 _aColegio de Postgraduados. Centro de Fitopatología
_9164783
901 _aPA TESIS 448
902 _aA
905 _a0000001984 CHAai 0000000000 00
910 _a1984
942 _cPARA
942 _cPARA
_d1
999 _c200919
_d200919